000 00683nam a2200229 a 4500
999 _c11836
_d11836
001 11836
003 BD-JhCC
005 20211013134021.0
008 201121s20172019bg a|||| |||| 001 0 mul d
020 _a9789849265955
035 _a(BD-JhCC)11836
040 _aBD-JhCC
_dBD-JhCC
041 _abengali, English
082 _a005.133
_bHOS 2019
100 _aহোসেন, জাকির
245 _aসি প্রোগ্রামিং /
_c জাকির হোসেন ।
260 _aঢাকা :
_bআদর্শ;
_c২০১৯.
300 _a147 p. :
_bill;
_c22 cm.
650 _aC (Computer program language)
942 _2ddc
_cBK
_02